Tratado que instituye la Comunidad Económica Europea /

Saved in:
Bibliographic Details
Corporate Authors: Consejo Superior de Investigaciones Científicas, Instituto Francisco de Vitoria
Format: Text
Published: Madrid: Instituto Francisco de Vitoria
Tags: Add Tag
No Tags, Be the first to tag this record!

MARC

LEADER 00000 a a2200000 04500
001 25377
003
040
020 |a 84-00-03566-6  
022 |a 84-00-03566-6  
090 |a 181502  
110 |a Consejo Superior de Investigaciones Científicas  
245 |a Tratado que instituye la Comunidad Económica Europea /  |c Consejo Superior de Investigaciones Científicas  
260 |a Madrid:   |b Instituto Francisco de Vitoria  
300 |a 306 p.; vol. 2  
710 |a Instituto Francisco de Vitoria  
999 |c 11531  |d 11531